LEADER 01258nam a2200265 i 4500 001 991003291589707536 008 161024s1964 de 000 0 lat d 035 $ab14310661-39ule_inst 040 $aDip. di Studi Umanistici$bita 041 0 $alat$agrc 100 0 $aProcopius :$cCaesariensis$0293068 245 10$aProcopii Caesariensis opera omnia.$n4,$pPeri ktismat?n libri 6., sive De aedificiis cum duobus indicibus praefatione excerptisque Photii adiectis /$crecognovit Jacobus Haury ; editio stereotypa correctior ; addenda et corrigenda adiecit Gerhard Wirth 246 30$aHistoria quae dicitur arcana 260 $aLipsiae :$bin Aedibus B. G. Teubneri,$c1964 300 $aXII, 408 p. ;$c21 cm 440 0$aBibliotheca scriptorum Graecorum et Romanorum Teubneriana 546 $aTesto greco 700 1 $aHaury, Jakob$eauthor$4http://id.loc.gov/vocabulary/relators/aut$0168512 700 1 $aWirth, Gerhard 907 $a.b14310661$b24-10-16$c24-10-16 912 $a991003291589707536 945 $aLE007 Bibl. Teubn. Procopius 04$g1$i2007000276532$lle007$o-$pE0.00$q-$rn$s- $t0$u0$v0$w0$x0$y.i15784836$z24-10-16 996 $aProcopii Caesariensis opera omnia$93369615 997 $aUNISALENTO 998 $ale007$b24-10-16$cm$da $e-$flat$gde $h0$i0 LEADER 02631nam 22006491 450 001 9910974809603321 005 20251117105614.0 010 $a9781472537713 010 $a1472537718 010 $a9781472537720 010 $a1472537726 035 $a(CKB)2670000000430314 035 $a(EBL)1426788 035 $a(SSID)ssj0001152894 035 $a(PQKBManifestationID)11647809 035 $a(PQKBTitleCode)TC0001152894 035 $a(PQKBWorkID)11150313 035 $a(PQKB)11101121 035 $a(Au-PeEL)EBL1426788 035 $a(CaPaEBR)ebr10771827 035 $a(CaONFJC)MIL615840 035 $a(OCoLC)861538605 035 $a(Perlego)807451 035 $a(MiAaPQ)EBC1426788 035 $a(EXLCZ)992670000000430314 100 $a20100420d2007 uy 0 101 0 $aeng 135 $aur|n|---||||| 181 $ctxt 182 $cc 183 $acr 200 10$aAsclepius $ethe perfect discourse of Hermes Trismegistus /$fedited and translated by Clement Salaman 210 1$aLondon :$cBloomsbury,$d2007. 215 $a1 online resource (105 p.) 300 $aDescription based upon print version of record. 311 08$a9780715635643 311 08$a0715635646 320 $aIncludes bibliographical references (page 99-100) and index. 327 $aCover; Contents; Acknowledgements; List of Illustrations; Introduction; Notes to the Introduction; Translator's Note; TRANSLATION of the ASCLEPIUS; Bibliography; Index; A; B; C; D; E; F; G; H; I; K; L; M; N; O; P; R; S; T; U; W 330 $aThe Asclepius is one of two philosophical books ascribed to the legendary sage of Ancient Egypt, Hermes Trismegistus, who was believed in classical and renaissance times to have lived shortly after Moses. The Greek original, lost since classical times, is thought to date from the 2nd or 3rd century AD. However, a Latin version survived, of which this volume is a translation. Like its companion, the Corpus Hermeticum (or The Way of Hermes), the Asclepius describes the most profound philosophical questions in the form of a conversation about secrets: the nature of the One, the role of the gods, 606 $aAsklepios--(Greek deity) 606 $aHermetism 606 $aOccultism 615 0$aAsklepios--(Greek deity) 615 0$aHermetism. 615 0$aOccultism. 676 $a135.45 676 $a135.45 701 $aHermes$cTrismegistus$0187565 701 $aSalaman$b Clement$01863188 801 0$bMiAaPQ 801 1$bMiAaPQ 801 2$bMiAaPQ 906 $aBOOK 912 $a9910974809603321 996 $aAsclepius$94469694 997 $aUNINA